Cours de physique / (Record no. 35456)

MARC details
000 -LEADER
campo de control de longitud fija 00960nam a2200241 i 4500
001 - NÚMERO DE CONTROL
campo de control 35456
003 - IDENTIFICADOR DE NÚMERO DE CONTROL
campo de control ES-MaACL
005 - FECHA Y HORA DE LA ÚLTIMA TRANSACCIÓN
campo de control 20230906155130.0
007 - CAMPO FIJO DE DESCRIPCIÓN FÍSICA--INFORMACIÓN GENERAL
campo de control de longitud fija t|
008 - DATOS DE LONGITUD FIJA--INFORMACIÓN GENERAL
campo de control de longitud fija 030213m19121916fr ||||1| fre d
100 0# - ENTRADA PRINCIPAL--NOMBRE DE PERSONA
Nombre de persona Bouasse, H.
9 (RLIN) 30820
245 10 - MENCIÓN DEL TÍTULO
Título Cours de physique /
Mención de responsabilidad, etc. par Henri Pierre Maxime Bouasse.
250 ## - MENCION DE EDICION
Mención de edición 2eme ed., augm.
260 ## - PUBLICACIÓN, DISTRIBUCIÓN, ETC.
Lugar de publicación, distribución, etc. Paris :
Nombre del editor, distribuidor, etc. Delagrave,
Fecha de publicación, distribución, etc. [1912-16]
300 ## - DESCRIPCIÓN FÍSICA
Extensión 5 t. en 9 v. :
Otras características físicas il. ;
Dimensiones 25 cm.
505 8# - NOTA DE CONTENIDO CON FORMATO
Nota de contenido con formato Contiene: T. I: Cours de mecanique physique. -- T. II: Cours de thermodynamique. -- T. III: Cours de magnétisme et electricité. -- T. IV: Optique: Etude des instruments. -- T. V: Electroptique: Ondes hertziennes. -- T. VI: Etudes symétries
740 0# - ENTRADA AGREGADA--TÍTULO RELACIONADO/ANALÍTICO NO CONTROLADO
Título relacionado o analítico no controlado Cours de mecanique physique.
740 0# - ENTRADA AGREGADA--TÍTULO RELACIONADO/ANALÍTICO NO CONTROLADO
Título relacionado o analítico no controlado Cours de thermodynamique.
740 0# - ENTRADA AGREGADA--TÍTULO RELACIONADO/ANALÍTICO NO CONTROLADO
Título relacionado o analítico no controlado Cours de magnétisme et electricité.
740 0# - ENTRADA AGREGADA--TÍTULO RELACIONADO/ANALÍTICO NO CONTROLADO
Título relacionado o analítico no controlado Optique: Etude des instruments.
740 0# - ENTRADA AGREGADA--TÍTULO RELACIONADO/ANALÍTICO NO CONTROLADO
Título relacionado o analítico no controlado Electroptique: Ondes hertziennes.
852 ## - LOCALIZACIÓN
Ubicación ES-MaACL
Número de control de estantería B-4851-59
Holdings
Estatus retirado Estado de pérdida Estado de daño No para préstamo Biblioteca de origen Biblioteca actual Ubicación en estantería Fecha de adquisición Fuente de adquisición Total de préstamos Signatura topográfica completa Código de barras Visto por última vez Precio de reemplazo Tipo de ítem Koha
        Biblioteca del Ateneo de Madrid Biblioteca del Ateneo de Madrid Sala Pardo Bazán 17/01/2008     B-4851-59 1037099 23/02/2023 23/02/2023 Libro impreso